| 000 | 01351nam a2200301 a 4500 | ||
|---|---|---|---|
| 001 | 000000512 | ||
| 003 | DO-SdBNP | ||
| 005 | 20211117092336.0 | ||
| 008 | 081112s2007 dr ac 000 0 spa d | ||
| 020 | _z9993432068 | ||
| 020 | _a9789993432067 | ||
| 020 | _a9993432067 | ||
| 040 |
_aDO-SdBNP _bspa _cBNPHU |
||
| 082 | 4 |
_a972.9356 _bJ36s, 2007 _222 |
|
| 100 | 1 |
_aJáquez Zarzuela, Alexis A., _d1923- _9131 |
|
| 245 | 1 | 0 |
_aSan José de las Matas, anécdotas, chistes y algo más / _cAlexis A. Jáquez Zarzuela ; prólogo Ángel Cruz Balbuena. |
| 250 | _a2a ed. | ||
| 260 |
_aSanto Domingo : _bArgos, _c2007. |
||
| 300 |
_a222 p. : _bil., retrs. ; _c23 cm. |
||
| 505 | 0 | _aPrólogo -- Introducción -- Anécdotas -- Chistes -- Añoranzas -- Signos de progreso -- Personas destacadas -- Los motes materos -- La filosofía serrana -- Diccionario -- Sopas de letras y crucigramas -- Palabras sinónimas para crucigramas. | |
| 650 | 4 |
_aCiudades y pueblos _zSan José de las Matas (República Dominicana) _9135 |
|
| 651 | 4 |
_aSantiago de los Caballeros (República Dominicana) _98269 |
|
| 651 | 4 |
_aSantiago de los Caballeros (República Dominicana) _98269 |
|
| 651 | 4 |
_aSantiago de los Caballeros (República Dominicana) _98269 |
|
| 700 | 1 | 2 |
_aCruz Balbuena, Ángel, _epról. _9136 |
| 910 | _aValidado. Control de calidad MMOLINA | ||
| 942 |
_2ddc _cLBS1 |
||
| 999 |
_c510 _d510 |
||